Strategy of rubber breeding (Record no. 69390)

MARC details
000 -LEADER
fixed length control field 00344nam a2200109Ia 4500
100 ## - MAIN ENTRY--AUTHOR NAME
Personal name Simmonds N W
245 #0 - TITLE STATEMENT
Title Strategy of rubber breeding
260 ## - PUBLICATION, DISTRIBUTION, ETC. (IMPRINT)
Name of publisher Proceedings of the International Rubber Conference, Kuala Lumpur, Malaysia, V.3. 1985; p115-123
650 ## - SUBJECT ADDED ENTRY--TOPICAL TERM
Topical Term Rubber breeding
942 ## - ADDED ENTRY ELEMENTS (KOHA)
Koha item type Journals
Holdings
Withdrawn status Lost status Damaged status Not for loan Home library Current library Shelving location Date acquired Koha item type
      Journals RRII Library RRII Library Botany 17/12/2021 Journals